000 00416nam a2200157 i 4500
001 89447
003 ES-MaACL
005 20230906180157.0
007 t|
008 050110s1976 fr ||||1| fre d
100 1 _aLanglois, Denis.
_970064
245 1 4 _aLes dossiens noirs du suicide /
_cDenis Langlis.
260 _aParĂ­s :
_bSeuil,
_c[1976]
300 _a175 p. ;
_c21 cm.
852 _aES-MaACL
_jA-6331
_bR.95403
999 _c89447
_d89447